[Event "HUN-chT2 Breyer 1819"]
[Site "Hungary"]
[Date "2019.04.28"]
[Round "9.2"]
[White "Sallai, Kalman"]
[Black "Papagorasz, Takisz"]
[Result "1/2-1/2"]
[WhiteElo "2122"]
[BlackElo "2186"]
[PlyCount "80"]
[EventDate "2018.10.28"]
[EventType "team-tourn"]
[EventRounds "9"]
[EventCountry "HUN"]
[SourceTitle "EXT 2021"]
[Source "ChessBase"]
[SourceDate "2020.10.23"]
[SourceVersion "1"]
[SourceVersionDate "2020.10.23"]
[SourceQuality "1"]
[WhiteTeam "Torokbalint"]
[BlackTeam "Szekesfehervar"]
[WhiteTeamCountry "HUN"]
[BlackTeamCountry "HUN"]

1. e4 e5 2. Nc3 Nc6 3. g3 Nf6 4. Bg2 Bc5 5. Nge2 a6 6. 0-0 d6 7. d3 Be6 8. a3 Qd7 9. Nd5 Bxd5 10. exd5 Ne7 11. b4 Ba7 12. c4 0-0 13. Be3 Bxe3 14. fxe3 Ng4 15. Bh3 f5 16. Qd2 Qe8 17. Bxg4 fxg4 18. Rxf8+ Kxf8 19. e4 Qg6 20. c5 c6 21. Rf1+ Kg8 22. cxd6 Qxd6 23. Qg5 cxd5 24. Qxg4 Rf8 25. Rxf8+ Kxf8 26. Kg2 h6 27. d4 Kg8 28. dxe5 Qxe5 29. exd5 Nxd5 30. Qc8+ Kh7 31. Qc2+ g6 32. Qd3 h5 33. h3 Kh6 34. Kf3 Qf6+ 35. Kg2 Qg5 36. Kf3 Qf6+ 37. Kg2 Qe5 38. Kf3 Qf6+ 39. Kg2 Qg5 40. Kf3 Qf6+ 1/2-1/2

[Event "HUN-chT2 Breyer 1718"]
[Site "Hungary"]
[Date "2018.03.04"]
[Round "9.4"]
[White "Sallai, Kalman"]
[Black "Toth, Istvan2222"]
[Result "1-0"]
[WhiteElo "2132"]
[BlackElo "1932"]
[PlyCount "119"]
[EventDate "2017.09.24"]
[EventType "team-tourn"]
[EventRounds "11"]
[EventCountry "HUN"]
[SourceTitle "EXT 2021"]
[Source "ChessBase"]
[SourceDate "2020.10.23"]
[SourceVersion "1"]
[SourceVersionDate "2020.10.23"]
[SourceQuality "1"]
[WhiteTeam "Torokbalint"]
[BlackTeam "Nyergesujfalu"]
[WhiteTeamCountry "HUN"]
[BlackTeamCountry "HUN"]

1. e4 c5 2. Nf3 Nc6 3. Nc3 e6 4. d4 cxd4 5. Nxd4 a6 6. g3 Nf6 7. Bg2 d5 8. exd5 exd5 9. 0-0 Be7 10. Re1 0-0 11. h3 h6 12. Kh2 Bb4 13. Be3 Ne5 14. Bxh6 Neg4+ 15. hxg4 Nxg4+ 16. Kg1 gxh6 17. Qf3 Qg5 18. Qf4 Qh5 19. Nf3 Bc5 20. Re2 Bd7 21. Rd1 Bc6 22. Nd4 Rfe8 23. Nxd5 Rxe2 24. Qxg4+ Qxg4 25. Nf6+ Kg7 26. Nxg4 Bxd4 27. Bxc6 bxc6 28. Rxd4 Rxc2 29. Rb4 Rc5 30. b3 Rd8 31. Ne3 Rd2 32. a3 Rb5 33. Rg4+ Kf8 34. b4 Rg5 35. Rc4 Rd6 36. Rc2 Re6 37. Ng2 a5 38. bxa5 Rxa5 39. Rc3 Ke7 40. Ne3 Rb5 41. Kg2 f5 42. Nc2 c5 43. Ne3 f4 44. gxf4 Rg6+ 45. Kf3 h5 46. f5 Rg1 47. Kf4 Rb2 48. f3 Rd2 49. Rxc5 Kd6 50. Rc4 h4 51. f6 Ke6 52. Rc6+ Kf7 53. Ng4 Rd4+ 54. Kf5 Rdxg4 55. fxg4 h3 56. Rc7+ Kg8 57. Rg7+ Kh8 58. Rg5 Rf1+ 59. Kg6 Kg8 60. Rb5 1-0

[Event "HUN-chT2 Breyer 1617"]
[Site "Hungary"]
[Date "2017.03.12"]
[Round "8.6"]
[White "Toth, Istvan2222"]
[Black "Sallai, Kalman"]
[Result "0-1"]
[WhiteElo "1894"]
[BlackElo "2102"]
[PlyCount "55"]
[EventDate "2016.10.30"]
[EventType "team-tourn"]
[EventRounds "9"]
[EventCountry "HUN"]
[SourceTitle "EXT 2021"]
[Source "ChessBase"]
[SourceDate "2020.10.23"]
[SourceVersion "1"]
[SourceVersionDate "2020.10.23"]
[SourceQuality "1"]
[WhiteTeam "Nyergesujfalu"]
[BlackTeam "Torokbalint"]
[WhiteTeamCountry "HUN"]
[BlackTeamCountry "HUN"]

1. d4 Nf6 2. c4 g6 3. Nc3 Bg7 4. Bf4 d6 5. e3 0-0 6. Bd3 c6 7. Nf3 Nbd7 8. 0-0 Qe8 9. Qc2 a5 10. a3 a4 11. Bg3 e5 12. Rfe1 Nh5 13. Bh4 f5 14. dxe5 dxe5 15. Be2 Nc5 16. Rad1 Be6 17. Rd6 h6 18. Qd1 Bf7 19. h3 e4 20. Nd4 Qe5 21. Nxf5 gxf5 22. Bxh5 Bxh5 23. Qd2 Nd3 24. Rxd3 exd3 25. Qxd3 Rae8 26. Nxa4 Qe4 27. Qxe4 Rxe4 28. Bg3 0-1

[Event "HUN-chT2 Breyer 1617"]
[Site "Hungary"]
[Date "2017.02.26"]
[Round "7.7"]
[White "Albert, Kornelia"]
[Black "Sallai, Kalman"]
[Result "0-1"]
[WhiteElo "2057"]
[BlackElo "2102"]
[PlyCount "68"]
[EventDate "2016.10.30"]
[EventType "team-tourn"]
[EventRounds "9"]
[EventCountry "HUN"]
[SourceTitle "EXT 2021"]
[Source "ChessBase"]
[SourceDate "2020.10.23"]
[SourceVersion "1"]
[SourceVersionDate "2020.10.23"]
[SourceQuality "1"]
[WhiteTeam "Budapest MLTC"]
[BlackTeam "Torokbalint"]
[WhiteTeamCountry "HUN"]
[BlackTeamCountry "HUN"]

1. e4 c5 2. Nf3 e6 3. d4 cxd4 4. Nxd4 a6 5. Bd3 Nf6 6. Qe2 d6 7. Nc3 Be7 8. 0-0 Nbd7 9. Kh1 Qc7 10. f4 b5 11. a3 Bb7 12. Bd2 0-0 13. Rae1 Nc5 14. f5 e5 15. Nf3 Rad8 16. b4 Nxd3 17. cxd3 Rfe8 18. Rc1 Qb8 19. Rg1 d5 20. g4 dxe4 21. dxe4 Qa8 22. Rce1 Rd4 23. Nxd4 exd4 24. g5 dxc3 25. gxf6 Bxf6 26. Rg4 cxd2 27. Qxd2 h5 28. Rg3 Bxe4+ 29. Kg1 Bxf5 30. Rxe8+ Qxe8 31. Re3 Qc8 32. Re1 Qc4 33. Rd1 Qg4+ 34. Kf2 Bh4+ 0-1

[Event "HUN-chT2 Breyer 1516"]
[Site "Hungary"]
[Date "2015.09.13"]
[Round "1.5"]
[White "Sallai, Kalman"]
[Black "Imre, Jozsef"]
[Result "1/2-1/2"]
[WhiteElo "2119"]
[BlackElo "2068"]
[PlyCount "40"]
[EventDate "2015.09.13"]
[EventType "team-tourn"]
[EventRounds "11"]
[EventCountry "HUN"]
[SourceTitle "CBM 170 Extra"]
[Source "ChessBase"]
[SourceDate "2016.02.25"]
[SourceVersion "1"]
[SourceVersionDate "2016.02.25"]
[SourceQuality "1"]
[WhiteTeam "TTC Sakk"]
[BlackTeam "Vizugy"]
[WhiteTeamCountry "HUN"]
[BlackTeamCountry "HUN"]

1. e4 c5 2. Nf3 d6 3. d4 cxd4 4. Nxd4 Nf6 5. Nc3 a6 6. h3 e5 7. Nde2 Be7 8. g4 Nc6 9. Bg2 Be6 10. Be3 Qc7 11. g5 Nd7 12. f4 exf4 13. Nxf4 Qa5 14. Nxe6 fxe6 15. 0-0 0-0-0 16. Qd2 Nde5 17. b3 d5 18. Nb1 Qxd2 19. Bxd2 Rhf8 20. exd5 Bc5+ 1/2-1/2

[Event "HUN-chT2 Breyer 1415"]
[Site "Hungary"]
[Date "2015.04.26"]
[Round "?"]
[White "Gelle, Istvan"]
[Black "Sallai, Kalman"]
[Result "1/2-1/2"]
[WhiteElo "2237"]
[BlackElo "2171"]
[PlyCount "56"]
[EventDate "2014.09.07"]
[EventType "team-tourn"]
[EventRounds "11"]
[EventCountry "HUN"]
[SourceTitle "EXT 2016"]
[Source "ChessBase"]
[SourceDate "2015.10.08"]
[SourceVersion "1"]
[SourceVersionDate "2015.10.08"]
[SourceQuality "1"]
[WhiteTeam "Hobagoly"]
[BlackTeam "Torokbalint"]
[WhiteTeamCountry "HUN"]
[BlackTeamCountry "HUN"]

1. d4 d5 2. Bf4 c5 3. e3 Qb6 4. Nc3 cxd4 5. Qxd4 Qxd4 6. exd4 e6 7. Nb5 Na6 8. Nf3 Nf6 9. Bd3 Be7 10. Nd6+ Bxd6 11. Bxd6 Ne4 12. Bxe4 dxe4 13. Nd2 f5 14. f3 Kd7 15. Be5 Nb4 16. 0-0-0 exf3 17. gxf3 Rg8 18. Rdg1 g6 19. h4 b5 20. h5 g5 21. h6 Bb7 22. Rh5 g4 23. fxg4 Rac8 24. Bg7 Nxc2 25. Kb1 fxg4 26. Nb3 Be4 27. Nc5+ Rxc5 28. Rxc5 Nxd4+ 1/2-1/2

[Event "HUN-chT2 Breyer 1314"]
[Site "Hungary"]
[Date "2014.04.27"]
[Round "9"]
[White "Nagy, Csaba1111"]
[Black "Sallai, Kalman"]
[Result "0-1"]
[WhiteElo "2019"]
[BlackElo "2161"]
[PlyCount "98"]
[EventDate "2013.09.08"]
[EventType "team-tourn"]
[EventRounds "9"]
[EventCountry "HUN"]
[SourceTitle "EXT 2016"]
[Source "ChessBase"]
[SourceDate "2015.10.08"]
[SourceVersion "1"]
[SourceVersionDate "2015.10.08"]
[SourceQuality "1"]
[WhiteTeam "Szazhalombatta"]
[BlackTeam "Torokbalint"]
[WhiteTeamCountry "HUN"]
[BlackTeamCountry "HUN"]

1. e4 c5 2. Nf3 e6 3. d4 cxd4 4. Nxd4 a6 5. Bd3 Nc6 6. Be3 Qc7 7. 0-0 Nf6 8. Qf3 Bd6 9. h3 Ne5 10. Qe2 Nxd3 11. cxd3 Bh2+ 12. Kh1 Bf4 13. Bxf4 Qxf4 14. g3 Qe5 15. Nf3 Qh5 16. Kg2 b5 17. Nd4 Qxe2 18. Nxe2 d6 19. Nd2 Bb7 20. Rac1 Kd7 21. Nb3 Rac8 22. Na5 Ba8 23. f3 h5 24. d4 Rxc1 25. Rxc1 g5 26. g4 Ne8 27. Ng3 h4 28. Nf1 f5 29. exf5 exf5 30. gxf5 Rf8 31. Ne3 Ng7 32. Nb3 Nxf5 33. Nxf5 Rxf5 34. Rc3 Rf4 35. Rd3 Bd5 36. Nc1 g4 37. hxg4 Rxg4+ 38. Kh3 Rg1 39. Ne2 Rh1+ 40. Kg2 Rb1 41. Rd2 Bxa2 42. Nc3 Ra1 43. Kh3 b4 44. Ne4 Bd5 45. Ng5 a5 46. Kxh4 a4 47. Re2 Rd1 48. f4 a3 49. bxa3 bxa3 0-1

[Event "HUN-chT2 Breyer 1213"]
[Site "Hungary"]
[Date "2012.12.02"]
[Round "5.4"]
[White "Bottyan, Peter"]
[Black "Sallai, Kalman"]
[Result "1-0"]
[WhiteElo "2262"]
[BlackElo "2119"]
[PlyCount "55"]
[EventDate "2012.09.16"]
[EventType "team-tourn"]
[EventRounds "11"]
[EventCountry "HUN"]
[SourceTitle "EXT 2014"]
[Source "ChessBase"]
[SourceDate "2013.11.20"]
[SourceVersion "1"]
[SourceVersionDate "2013.11.20"]
[SourceQuality "1"]
[WhiteTeam "Kisber Aszar"]
[BlackTeam "Torokbalint"]
[WhiteTeamCountry "HUN"]
[BlackTeamCountry "HUN"]

1. d4 Nf6 2. Bg5 c5 3. Nc3 Qa5 4. Bxf6 gxf6 5. d5 f5 6. e3 Bg7 7. Nge2 b5 8. a3 b4 9. axb4 Qxb4 10. Qd2 d6 11. Na4 Qb7 12. Ng3 0-0 13. Be2 Bd7 14. 0-0 Be5 15. f4 Bg7 16. Qd3 Bxa4 17. Rxa4 Qd7 18. b3 e6 19. e4 Bd4+ 20. Rxd4 cxd4 21. Nh5 f6 22. dxe6 Qe7 23. e5 fxe5 24. fxe5 Nc6 25. Qg3+ Kh8 26. exd6 Qb7 27. Bf3 f4 28. Bxc6 1-0

[Event "HUN-chT2 Breyer 1112"]
[Site "Hungary"]
[Date "2012.05.20"]
[Round "11.4"]
[White "Sallai, Kalman"]
[Black "Szabo, Laszlo2222"]
[Result "1/2-1/2"]
[WhiteElo "2122"]
[BlackElo "2069"]
[PlyCount "108"]
[EventDate "2011.09.25"]
[EventType "team-tourn"]
[EventRounds "11"]
[EventCountry "HUN"]
[SourceTitle "EXT 2013"]
[Source "ChessBase"]
[SourceDate "2012.11.22"]
[SourceVersion "1"]
[SourceVersionDate "2012.11.22"]
[SourceQuality "1"]
[WhiteTeam "Torokbalint"]
[BlackTeam "Gyor Komszomol"]
[WhiteTeamCountry "HUN"]
[BlackTeamCountry "HUN"]

1. e4 c5 2. Nf3 Nc6 3. d4 cxd4 4. Nxd4 Nf6 5. Nc3 e5 6. Ndb5 d6 7. Bg5 a6 8. Na3 b5 9. Nd5 Be7 10. Bxf6 Bxf6 11. c4 b4 12. Nc2 Rb8 13. Bd3 Bg5 14. 0-0 0-0 15. b3 Be6 16. Kh1 Qd7 17. g3 f5 18. f4 exf4 19. gxf4 Bf6 20. Nxf6+ Rxf6 21. Qd2 fxe4 22. Bxe4 Kh8 23. Ne3 Ne7 24. Qd3 Rbf8 25. Rad1 Rxf4 26. Rxf4 Rxf4 27. c5 d5 28. Bg2 Nf5 29. Nxf5 Rxf5 30. Qxa6 h6 31. Be4 Qe8 32. Bg2 Qf7 33. Qd6 Rf2 34. Qg3 d4 35. Kg1 Rxa2 36. Rf1 Qg8 37. Qd6 Bf7 38. Qe7 Rxg2+ 39. Kxg2 Bd5+ 40. Kg3 Qh7 41. Rf8+ Bg8 42. Qe6 d3 43. Kf3 d2 44. Ke2 d1Q+ 45. Kxd1 Qb1+ 46. Ke2 Qc2+ 47. Kf3 Qc3+ 48. Qe3 Qa1 49. Re8 Qf6+ 50. Kg2 Qg6+ 51. Kf1 Qb1+ 52. Kf2 Qc2+ 53. Kg1 Qg6+ 54. Kf2 Qf5+ 1/2-1/2

[Event "HUN-chT2 Breyer 1011"]
[Site "Hungary"]
[Date "2011.05.01"]
[Round "10.5"]
[White "Sallai, Kalman"]
[Black "Bereczki, Istvan"]
[Result "0-1"]
[WhiteElo "2215"]
[BlackElo "2088"]
[PlyCount "82"]
[EventDate "2010.09.12"]
[EventType "team-tourn"]
[EventRounds "11"]
[EventCountry "HUN"]
[SourceTitle "EXT 2012"]
[Source "ChessBase"]
[SourceDate "2011.11.24"]
[SourceVersion "1"]
[SourceVersionDate "2011.11.24"]
[SourceQuality "1"]
[WhiteTeam "Torokbalint"]
[BlackTeam "Szazhalombatta"]
[WhiteTeamCountry "HUN"]
[BlackTeamCountry "HUN"]

1. e4 e5 2. Nf3 Nc6 3. Bc4 Bc5 4. c3 Nf6 5. d3 d6 6. Nbd2 a6 7. Bb3 0-0 8. Nf1 d5 9. exd5 Nxd5 10. Bg5 f6 11. Be3 Be7 12. N1d2 Na5 13. Bc2 Be6 14. 0-0 c5 15. Nb3 Nxe3 16. fxe3 e4 17. Ne1 exd3 18. Qxd3 Qxd3 19. Nxd3 Nxb3 20. axb3 Rad8 21. h3 Rd6 22. Nxc5 Bc8 23. Nd3 Rfd8 24. Rad1 g6 25. Kf2 Bf5 26. Ke2 Be4 27. Rg1 Kg7 28. Ne1 Rxd1 29. Bxd1 f5 30. Bc2 Bc6 31. g4 fxg4 32. Rxg4 Rf8 33. h4 Rf7 34. b4 Bd7 35. Rd4 Bf6 36. Rf4 Re7 37. Nf3 h6 38. Re4 Rf7 39. Bb3 Rf8 40. Bd5 b6 41. Ne5 Bf5 0-1

[Event "HUN-chT2 Breyer 1011"]
[Site "Hungary"]
[Date "2010.09.12"]
[Round "1.7"]
[White "Farkas, Lajos"]
[Black "Sallai, Kalman"]
[Result "1/2-1/2"]
[WhiteElo "2149"]
[BlackElo "2215"]
[PlyCount "83"]
[EventDate "2010.09.12"]
[EventType "team-tourn"]
[EventRounds "11"]
[EventCountry "HUN"]
[SourceTitle "EXT 2012"]
[Source "ChessBase"]
[SourceDate "2011.11.24"]
[SourceVersion "1"]
[SourceVersionDate "2011.11.24"]
[SourceQuality "1"]
[WhiteTeam "Sarkany"]
[BlackTeam "Torokbalint"]
[WhiteTeamCountry "HUN"]
[BlackTeamCountry "HUN"]

1. Nf3 Nf6 2. d4 g6 3. g3 Bg7 4. Bg2 0-0 5. b3 c5 6. Bb2 cxd4 7. Nxd4 d5 8. 0-0 e5 9. Nf3 e4 10. Nd4 Nc6 11. Na3 Qa5 12. Qe1 Qc5 13. c3 Ng4 14. Nac2 Re8 15. h3 Nge5 16. Qd2 Be6 17. Kh2 Rad8 18. f4 exf3 19. exf3 Qb6 20. f4 Nxd4 21. Nxd4 Nc6 22. Nxc6 bxc6 23. Rae1 Bd7 24. Rxe8+ Rxe8 25. Re1 Rxe1 26. Qxe1 Bf6 27. b4 a5 28. a3 axb4 29. axb4 h5 30. Bc1 Qa6 31. Be3 Qd3 32. Bd2 Kg7 33. Bf1 Qc2 34. Qe3 Bf5 35. Be2 Qe4 36. g4 Qxe3 37. Bxe3 hxg4 38. hxg4 Be4 39. Bd4 Bxd4 40. cxd4 g5 41. Kg3 f6 42. Bd1 1/2-1/2

[Event "HUN-chT2 Breyer 0910"]
[Site "Hungary"]
[Date "2010.04.18"]
[Round "10"]
[White "Lengyel, Sandor"]
[Black "Sallai, Kalman"]
[Result "1-0"]
[WhiteElo "1848"]
[BlackElo "2140"]
[PlyCount "123"]
[EventDate "2009.11.08"]
[EventType "team-tourn"]
[EventRounds "11"]
[EventCountry "HUN"]
[SourceTitle "EXT 2011"]
[Source "ChessBase"]
[SourceDate "2010.11.26"]
[SourceVersion "1"]
[SourceVersionDate "2010.11.26"]
[SourceQuality "1"]
[WhiteTeam "Turul"]
[BlackTeam "Torokbalint"]
[WhiteTeamCountry "HUN"]
[BlackTeamCountry "HUN"]

1. e4 c5 2. Nf3 e6 3. c3 d5 4. exd5 Qxd5 5. d4 cxd4 6. cxd4 Nf6 7. Nc3 Qd6 8. Bd3 Be7 9. 0-0 Nc6 10. Nb5 Qd8 11. Bf4 Nd5 12. Be5 a6 13. Nc3 0-0 14. Qe2 Nxe5 15. Nxe5 Nf4 16. Bxh7+ Kxh7 17. Qe4+ Ng6 18. Qg4 Nxe5 19. dxe5 f5 20. exf6 Rxf6 21. Rad1 Qc7 22. Rd3 e5 23. Qh4+ Rh6 24. Qe4+ Kh8 25. Nd5 Qc6 26. Rc3 Qd6 27. Rd3 Bd7 28. Nxe7 Qxe7 29. Qxb7 Rf8 30. Qxd7 Qc5 31. Qd5 Qc7 32. g3 Qc2 33. Rd2 Qf5 34. Re2 Qh3 35. Qg2 Qf5 36. f4 exf4 37. Rxf4 Qc5+ 38. Qf2 Rc8 39. Qxc5 Rxc5 40. Rfe4 Ra5 41. a3 Rg6 42. Re5 Ra4 43. R2e4 Rg4 44. Rxg4 Rxg4 45. Re6 Ra4 46. Kf2 Kh7 47. Ke3 g6 48. Kd3 Kh6 49. Re4 Ra5 50. a4 Rd5+ 51. Kc3 Rf5 52. Rf4 Re5 53. Rf2 Kh5 54. b4 Re3+ 55. Kc4 Ra3 56. a5 g5 57. Rf6 Ra2 58. Rxa6 Rxh2 59. Ra8 Rc2+ 60. Kb5 Rc3 61. a6 Rxg3 62. a7 1-0

[Event "HUN-chT2 Breyer 0910"]
[Site "Hungary"]
[Date "2010.03.21"]
[Round "8"]
[White "Sallai, Kalman"]
[Black "Gyomber, Tamas"]
[Result "1-0"]
[WhiteElo "2140"]
[BlackElo "2079"]
[PlyCount "85"]
[EventDate "2009.11.08"]
[EventType "team-tourn"]
[EventRounds "11"]
[EventCountry "HUN"]
[SourceTitle "EXT 2011"]
[Source "ChessBase"]
[SourceDate "2010.11.26"]
[SourceVersion "1"]
[SourceVersionDate "2010.11.26"]
[SourceQuality "1"]
[WhiteTeam "Torokbalint"]
[BlackTeam "BEAC II"]
[WhiteTeamCountry "HUN"]
[BlackTeamCountry "HUN"]

1. e4 g6 2. d4 Bg7 3. Nc3 c6 4. Be3 d5 5. f3 dxe4 6. fxe4 Nf6 7. Nf3 0-0 8. Qd2 b5 9. Bd3 Ng4 10. 0-0 Nxe3 11. Qxe3 Bg4 12. Ne2 Bxf3 13. Rxf3 Nd7 14. e5 Nb6 15. Qe4 Rc8 16. b3 a6 17. c4 e6 18. c5 Nd5 19. Raf1 Qa5 20. Bb1 Qd2 21. Rd3 Qa5 22. h4 Nb4 23. Rh3 Nd5 24. h5 Qd2 25. Rd3 Qg5 26. Ng3 Ne7 27. Qe2 f5 28. exf6 Rxf6 29. Rxf6 Qxf6 30. Ne4 Qh4 31. hxg6 Nxg6 32. g3 Qe7 33. Qg4 Rf8 34. Rd1 e5 35. d5 cxd5 36. Rxd5 Qf7 37. Rd1 Ne7 38. Kh2 Nd5 39. Ng5 Qf2+ 40. Kh1 Ne3 41. Bxh7+ Kh8 42. Qh3 Bh6 43. Be4 1-0

[Event "HUN-chT2 Breyer 0910"]
[Site "Hungary"]
[Date "2009.12.20"]
[Round "4"]
[White "Sallai, Kalman"]
[Black "Molnar, Laszlo"]
[Result "1-0"]
[WhiteElo "2140"]
[BlackElo "2247"]
[PlyCount "71"]
[EventDate "2009.11.08"]
[EventType "team-tourn"]
[EventRounds "11"]
[EventCountry "HUN"]
[SourceTitle "EXT 2011"]
[Source "ChessBase"]
[SourceDate "2010.11.26"]
[SourceVersion "1"]
[SourceVersionDate "2010.11.26"]
[SourceQuality "1"]
[WhiteTeam "Torokbalint"]
[BlackTeam "Geniusz Tata"]
[WhiteTeamCountry "HUN"]
[BlackTeamCountry "HUN"]

1. e4 Nf6 2. d3 d5 3. Nd2 e5 4. Ngf3 Nc6 5. g3 Bc5 6. Bg2 0-0 7. 0-0 h6 8. Nb3 Bb6 9. exd5 Qxd5 10. Nfd4 Qd6 11. Nxc6 bxc6 12. Qf3 Bb7 13. Bd2 Rab8 14. Qe2 Rfe8 15. Rad1 Bd4 16. Na5 Ba8 17. b4 Nd5 18. a3 f5 19. c4 Nc3 20. Bxc3 Bxc3 21. c5 Qf6 22. Qf3 Re6 23. Kh1 Bb7 24. Bh3 Ba6 25. Qxf5 Qxf5 26. Bxf5 Rf6 27. Be4 Bb5 28. Nc4 Bxc4 29. dxc4 Bd4 30. Kg2 a5 31. Rb1 axb4 32. axb4 Kf7 33. f4 exf4 34. Rxf4 Rxf4 35. gxf4 Bxc5 36. bxc5 1-0

[Event "HUN-chT2 Breyer 0910"]
[Site "Hungary"]
[Date "2009.12.06"]
[Round "3"]
[White "Sallai, Kalman"]
[Black "Sarok, Peter"]
[Result "1/2-1/2"]
[WhiteElo "2140"]
[BlackElo "2194"]
[PlyCount "144"]
[EventDate "2009.11.08"]
[EventType "team-tourn"]
[EventRounds "11"]
[EventCountry "HUN"]
[SourceTitle "EXT 2011"]
[Source "ChessBase"]
[SourceDate "2010.11.26"]
[SourceVersion "1"]
[SourceVersionDate "2010.11.26"]
[SourceQuality "1"]
[WhiteTeam "Torokbalint"]
[BlackTeam "Kisber Aszar"]
[WhiteTeamCountry "HUN"]
[BlackTeamCountry "HUN"]

1. e4 e6 2. d4 d5 3. Nd2 c5 4. exd5 Qxd5 5. Ngf3 cxd4 6. Bc4 Qd8 7. 0-0 Nf6 8. Nb3 Nc6 9. Nbxd4 Nxd4 10. Nxd4 a6 11. Re1 Qc7 12. Bb3 Bd6 13. h3 0-0 14. Bg5 Be7 15. Qf3 h6 16. Bf4 Bd6 17. Bxd6 Qxd6 18. Rad1 Qc7 19. Re3 Rb8 20. Rc3 Qa5 21. Qe2 Bd7 22. Re3 Rfe8 23. Nf3 Rbd8 24. Ne5 Bb5 25. c4 Ba4 26. Bxa4 Qxa4 27. Rb3 Rxd1+ 28. Qxd1 Qa5 29. Nd7 Nxd7 30. Qxd7 Rd8 31. Qxb7 Rd1+ 32. Kh2 Qe5+ 33. g3 Qe1 34. Qa8+ Kh7 35. Qg2 Rd2 36. Rf3 f5 37. g4 fxg4 38. hxg4 Rxb2 39. Re3 Qxf2 40. Qxf2 Rxf2+ 41. Kg3 Rxa2 42. Rxe6 a5 43. Ra6 Ra3+ 44. Kf2 Rc3 45. Rxa5 Rxc4 46. Kf3 Kg6 47. Ra6+ Kg5 48. Ra5+ Kf6 49. Ra6+ Ke5 50. Ra5+ Kf6 51. Ra6+ Kf7 52. Ra7+ Kg8 53. Ra3 Rc7 54. Rb3 Kf7 55. Ra3 g6 56. Rb3 Re7 57. Kg3 Kf6 58. Rc3 Re6 59. Rb3 Ke5 60. Rb1 Rc6 61. Rb5+ Ke4 62. Rb4+ Kd3 63. Rb8 Rd6 64. Re8 Kd2 65. Ra8 g5 66. Re8 Rd3+ 67. Kf2 Rh3 68. Rd8+ Kc3 69. Rd6 Kc4 70. Kg2 Kc5 71. Ra6 Rh4 72. Kg3 Kb5 1/2-1/2

[Event "HUN-chT2 Breyer 0910"]
[Site "Hungary"]
[Date "2009.11.08"]
[Round "1"]
[White "Horvath, Laszlo"]
[Black "Sallai, Kalman"]
[Result "0-1"]
[WhiteElo "2221"]
[BlackElo "2140"]
[PlyCount "80"]
[EventDate "2009.11.08"]
[EventType "team-tourn"]
[EventRounds "11"]
[EventCountry "HUN"]
[SourceTitle "EXT 2011"]
[Source "ChessBase"]
[SourceDate "2010.11.26"]
[SourceVersion "1"]
[SourceVersionDate "2010.11.26"]
[SourceQuality "1"]
[WhiteTeam "Gyor Komszomol"]
[BlackTeam "Torokbalint"]
[WhiteTeamCountry "HUN"]
[BlackTeamCountry "HUN"]

1. e4 c5 2. Nf3 e6 3. d4 cxd4 4. Nxd4 a6 5. Nc3 Qc7 6. Be2 Bb4 7. Qd3 Nf6 8. 0-0 Nc6 9. Bg5 Be7 10. Kh1 b5 11. f4 b4 12. e5 bxc3 13. Nxc6 Nd5 14. Nxe7 Nxe7 15. Bxe7 Kxe7 16. f5 Qxe5 17. fxe6 fxe6 18. Rae1 Rb8 19. Qf3 cxb2 20. Qf7+ Kd8 21. Bc4 Qxe1 22. Rxe1 b1Q 23. Rxb1 Rxb1+ 24. Bf1 a5 25. h3 Ba6 26. Qxg7 Rxf1+ 27. Kh2 Rhf8 28. Qg5+ Ke8 29. Qh5+ R8f7 30. Qe5 R1f5 31. Qh8+ Ke7 32. h4 Bb7 33. Qd4 Bc6 34. Qe3 h5 35. Qd4 R7f6 36. Qe3 Rg6 37. g3 Rf4 38. Qc5+ Kf7 39. g4 hxg4 40. Kg3 Rf3+ 0-1

[Event "HUN-chT2 Erkel 0809"]
[Site "Hungary"]
[Date "2009.02.22"]
[Round "8.5"]
[White "Takacs, Lajos"]
[Black "Sallai, Kalman"]
[Result "0-1"]
[WhiteElo "2216"]
[BlackElo "2162"]
[PlyCount "74"]
[EventDate "2008.10.26"]
[EventType "team-tourn"]
[EventRounds "11"]
[EventCountry "HUN"]
[SourceTitle "EXT 2010"]
[Source "ChessBase"]
[SourceDate "2010.11.25"]
[SourceVersion "1"]
[SourceVersionDate "2010.11.25"]
[SourceQuality "1"]
[WhiteTeam "Ujszasz"]
[BlackTeam "TTC"]
[WhiteTeamCountry "HUN"]
[BlackTeamCountry "HUN"]

1. e4 e6 2. d3 d5 3. Nd2 Nf6 4. g3 c5 5. Bg2 Nc6 6. Ngf3 b6 7. 0-0 Bb7 8. e5 Nd7 9. Re1 Qc7 10. Qe2 Be7 11. h4 h6 12. Nf1 0-0-0 13. N1h2 g5 14. h5 f5 15. exf6 Nxf6 16. Bd2 Kb8 17. c3 Rde8 18. g4 Bd6 19. Kh1 e5 20. Nxg5 e4 21. Nf1 hxg5 22. Bxg5 Qg7 23. Bxf6 Qxf6 24. dxe4 dxe4 25. Ne3 Qf4 26. Kg1 Ne5 27. Nf5 Bc7 28. Ng3 Nxg4 29. Rad1 e3 30. f3 Nf2 31. Nf1 Rxh5 32. Qb5 Rg8 33. Rxe3 Nh3+ 34. Kh1 Ng5+ 35. Kg1 Nxf3+ 36. Kf2 Nd4+ 37. Bf3 Nxb5 0-1

[Event "HUN-chT2 Erkel 0809"]
[Site "Hungary"]
[Date "2009.01.11"]
[Round "5.5"]
[White "Sallai, Kalman"]
[Black "Reznak, Attila"]
[Result "1-0"]
[WhiteElo "2162"]
[BlackElo "2134"]
[PlyCount "89"]
[EventDate "2008.10.26"]
[EventType "team-tourn"]
[EventRounds "11"]
[EventCountry "HUN"]
[SourceTitle "EXT 2010"]
[Source "ChessBase"]
[SourceDate "2010.11.25"]
[SourceVersion "1"]
[SourceVersionDate "2010.11.25"]
[SourceQuality "1"]
[WhiteTeam "TTC"]
[BlackTeam "Godollo"]
[WhiteTeamCountry "HUN"]
[BlackTeamCountry "HUN"]

1. e4 c5 2. Nf3 e6 3. d4 cxd4 4. Nxd4 Nc6 5. Nc3 Qc7 6. g3 Nf6 7. Bg2 Bb4 8. 0-0 0-0 9. Bg5 Qa5 10. Bxf6 gxf6 11. Nce2 Qh5 12. c3 Be7 13. Qc2 b6 14. Rfd1 Bb7 15. Nf4 Qe5 16. a4 Rac8 17. Qe2 Rfd8 18. Nh5 Qg5 19. h4 Qh6 20. Nc2 Na5 21. Ne3 Nb3 22. Ra2 Nc5 23. Ng4 Qg6 24. Nf4 Qg7 25. a5 Kh8 26. axb6 axb6 27. Nh2 d6 28. Ra7 Ra8 29. Rda1 Qf8 30. b4 Nd7 31. Qb5 Qe8 32. R1a4 Rxa7 33. Rxa7 Rb8 34. Ng4 Qc8 35. Qh5 Qe8 36. Nh6 Ne5 37. Ne2 Ng6 38. f4 Bf8 39. Kh2 Bxh6 40. Qxh6 Qb5 41. h5 Ne7 42. Qxf6+ Kg8 43. h6 Qh5+ 44. Kg1 Qg4 45. Bf3 1-0